Photos des années 1950 - Statistiques

Statistiques générales
  • Ce quiz a été pris 22 fois
  • Le résultat moyen est 4 sur 10
Statistiques - réponses
Hint Réponse % Correct
1953
Couronnement d'Elizabeth II le 2 juin
76%
1959
- Fidel Castro prend le contrôle de Cuba
- premier singe dans l'espace a revenir vivant
- soulèvement tibétain contre la chine et le communisme
59%
1954
- bataille de Diên Bien Phu
- début de la guerre d'Algérie
- coupe du monde en Suisse
53%
1958
- formation de la république arabe unie entre l'Égypte et la Syrie
- lancement d'Explorer 1 premier satellite américain
- coupe du monde en Suède
47%
1955
- création du Pacte de Varsovie
- Rosa parks est arrêtée pour ne pas avoir laissé sa place a un blanc dans le bus
- conférence de Bandung
41%
1957
- signature du traité de Rome
- lancement de Spoutnik 1 premier satellite
- début de la grippe asiatique
35%
1950
- annexion du Tibet par la Chine
- création de la première carte de crédit
- débarquement d'Incheon pendant la guerre de Corée
24%
1956
- monté d'Elvis Presley
- crise de Suez
- révolution hongroise
24%
1951
Ouverture des locaux des Nations-Unies a New-York le 9 janvier
24%
1952
- ouverture des jeux olympiques d'hiver a Oslo
- révolution égyptienne
- signature des accords de réparation entre l'Allemagne de l'ouest et Israël
6%
Aucun quiz correspondant
Distribution des résultats
% des personnes avec chaque résultat
Percentile par nombre de réponses
Votre historique - résultats
Vous n’avez pas pris ce quiz